<?xml version="1.0" encoding="UTF-8"?>
<collection xmlns="http://www.loc.gov/MARC21/slim">
 <record>
  <leader>00552nab a2200157 i 4500</leader>
  <controlfield tag="001">delm91679</controlfield>
  <controlfield tag="005">20190528081034.0</controlfield>
  <controlfield tag="008">190528s1977    hu      o     0||   hun d</controlfield>
  <datafield tag="040" ind1=" " ind2=" ">
   <subfield code="a">SZTE Délmagyarország Archívum</subfield>
   <subfield code="b">hun</subfield>
  </datafield>
  <datafield tag="041" ind1=" " ind2=" ">
   <subfield code="a">hun</subfield>
  </datafield>
  <datafield tag="100" ind1="1" ind2=" ">
   <subfield code="a">Bárány Ferenc</subfield>
  </datafield>
  <datafield tag="245" ind1="1" ind2="4">
   <subfield code="a">Nem rettentette őket statárium s halál </subfield>
   <subfield code="h">[elektronikus dokumentum] :</subfield>
   <subfield code="b">Egy politikai per ötvenedik évfordulójára /</subfield>
   <subfield code="c"> Bárány Ferenc</subfield>
  </datafield>
  <datafield tag="260" ind1=" " ind2=" ">
   <subfield code="c">1977-10-19</subfield>
  </datafield>
  <datafield tag="300" ind1=" " ind2=" ">
   <subfield code="a">4</subfield>
  </datafield>
  <datafield tag="490" ind1="0" ind2=" ">
   <subfield code="a">Délmagyarország</subfield>
   <subfield code="v">67 No. 246</subfield>
  </datafield>
  <datafield tag="695" ind1=" " ind2=" ">
   <subfield code="a">Pusztai (Pipicz) József, A munkásmozgalom 1914-1944</subfield>
  </datafield>
 </record>
</collection>
